000 00545nam a2200193Ia 4500
005 20250508152519.0
008 008 250505s9999 xx 000 0 eng d
037 _aTextual
040 _aFEDL
_beng
_cFEDL
041 _aeng
_2eng
084 _a330, AGA
_qFEDL
100 _aAgarwala A. N.
245 0 _aSome aspects of economic advancement of underdeveloped economics
260 _aAllahabad, India
_bKitab Mahal
_c1958
300 _aiv,124p
650 _aEconomics
942 _cTEXL
_h330, AGA
999 _c1336913
_d1336913